000 00258nam a2200121Ia 4500
008 231129s1994||||xx |||||||||||||| ||spa||
040 _bspa
082 _a574.526 E17
245 0 _aEcos
260 _c1994
264 _aCorporacion Ecofondo
942 _2ddc
_cBKS
999 _c9932
_d9932